[Event "Oslo Sveins op 8th"]
[Site "Oslo"]
[Date "2015.06.22"]
[Round "6"]
[White "Rodsmoen, Maud"]
[Black "Nilsen, Joachim Birger"]
[Result "0-1"]
[WhiteElo "1827"]
[BlackElo "2377"]
[PlyCount "86"]
[EventDate "2015.06.19"]
[EventType "swiss"]
[EventRounds "9"]
[EventCountry "NOR"]
[SourceTitle "CBM 167 Extra"]
[Source "ChessBase"]
[SourceDate "2015.09.14"]
[SourceVersion "1"]
[SourceVersionDate "2015.09.14"]
[SourceQuality "1"]

1. e4 c5 2. Nf3 g6 3. d4 cxd4 4. Nxd4 Bg7 5. Nc3 Nc6 6. Be3 Nf6 7. Nb3 0-0 8. f3 d6 9. Qd2 Be6 10. 0-0-0 Rc8 11. Bh6 Ne5 12. h4 a5 13. Nd4 Rc5 14. Bxg7 Kxg7 15. Nxe6+ fxe6 16. f4 Nf7 17. g3 e5 18. f5 Qc8 19. Bh3 Qc6 20. Rhe1 Rc4 21. g4 gxf5 22. gxf5 Kh8 23. Re3 Rg8 24. Bg2 b5 25. b3 Rc5 26. Kb2 a4 27. Bf1 Rc8 28. Bxb5 Rxb5 29. Nxb5 Qxb5 30. Rc3 Rg8 31. Qe3 Qb7 32. Rc4 axb3 33. axb3 Rg4 34. Ra1 Rxe4 35. Rxe4 Qxe4 36. Qxe4 Nxe4 37. Ra7 Kg7 38. b4 Kf6 39. b5 Nc5 40. Ra8 d5 41. Ra6+ Nd6 42. Rc6 Ncb7 43. Kb3 Na5+ 0-1

[Event "Oslo Sveins op 8th"]
[Site "Oslo"]
[Date "2015.06.20"]
[Round "2"]
[White "Rodsmoen, Maud"]
[Black "Kran, Ole Christian Bakke"]
[Result "1-0"]
[WhiteElo "1827"]
[BlackElo "1522"]
[PlyCount "85"]
[EventDate "2015.06.19"]
[EventType "swiss"]
[EventRounds "9"]
[EventCountry "NOR"]
[SourceTitle "CBM 167 Extra"]
[Source "ChessBase"]
[SourceDate "2015.09.14"]
[SourceVersion "1"]
[SourceVersionDate "2015.09.14"]
[SourceQuality "1"]

1. e4 e6 2. d4 d5 3. Nd2 c5 4. exd5 exd5 5. Ngf3 Nc6 6. dxc5 Bxc5 7. Nb3 Bb6 8. Be2 Nf6 9. 0-0 0-0 10. c3 h6 11. Nbd4 Re8 12. Bd3 Bg4 13. Qc2 Rc8 14. Qb1 Nxd4 15. Nxd4 Bxd4 16. cxd4 Be2 17. Re1 Bxd3 18. Rxe8+ Qxe8 19. Qxd3 Qe1+ 20. Qf1 Qxf1+ 21. Kxf1 Rc2 22. b3 Ne4 23. Be3 Nc3 24. Rc1 Rxc1+ 25. Bxc1 Nxa2 26. Bd2 b6 27. b4 Nxb4 28. Bxb4 a5 29. Bd6 b5 30. Bc7 a4 31. Bd6 f5 32. Ke2 Kf7 33. Kd3 Ke6 34. Bf8 Kf7 35. Bc5 g5 36. Kc3 f4 37. Kb4 h5 38. Kxb5 g4 39. Kxa4 h4 40. Bd6 g3 41. hxg3 f3 42. gxf3 h3 43. g4 1-0

[Event "San Sebastian op 38th"]
[Site "San Sebastian"]
[Date "2015.04.01"]
[Round "6"]
[White "Rodsmoen, Maud"]
[Black "Torres Ganuza, Francisco Javier"]
[Result "0-1"]
[WhiteElo "1849"]
[BlackElo "2147"]
[PlyCount "110"]
[EventDate "2015.03.28"]
[EventType "swiss"]
[EventRounds "9"]
[EventCountry "ESP"]
[SourceTitle "CBM 165 Extra"]
[Source "ChessBase"]
[SourceDate "2015.04.21"]
[SourceVersion "1"]
[SourceVersionDate "2015.04.21"]
[SourceQuality "1"]

1. e4 c5 2. Nf3 e6 3. d4 cxd4 4. Nxd4 a6 5. Nc3 d6 6. Bd3 Nf6 7. 0-0 Be7 8. a4 Nc6 9. Nf3 0-0 10. h3 Qc7 11. Bf4 Rd8 12. Qe2 Nb4 13. Rac1 Bd7 14. Bc4 Bc6 15. Bb3 Rac8 16. Rfd1 Qa5 17. Bg5 h6 18. Bh4 Qh5 19. Rd4 a5 20. Rcd1 Qc5 21. Rc4 Qb6 22. Rcd4 Be8 23. Nb5 Nc6 24. R4d2 Ne5 25. Nxe5 dxe5 26. Bxf6 Bxf6 27. Nd6 Rc7 28. Nxe8 Rxe8 29. Rd6 Qb4 30. Qd3 Be7 31. Rd7 Rxd7 32. Qxd7 Rd8 33. Qxd8+ Bxd8 34. Rxd8+ Kh7 35. Rd7 Qe1+ 36. Kh2 Qxf2 37. Rxb7 Kg6 38. Rb5 Qf4+ 39. Kg1 Kg5 40. Bc4 Kh4 41. Rb3 Qc1+ 42. Bf1 Qxc2 43. g3+ Kg5 44. Rb7 Qxe4 45. Rxf7 Kg6 46. Re7 Kf6 47. Rc7 Qxa4 48. Bc4 Qa1+ 49. Kh2 Qxb2+ 50. Kh1 Qf2 51. g4 Qg3 52. Bf1 a4 53. Rd7 e4 54. Rd4 Qf2 55. Bg2 Qxd4 0-1

[Event "San Sebastian op 38th"]
[Site "San Sebastian"]
[Date "2015.03.29"]
[Round "2"]
[White "Rodsmoen, Maud"]
[Black "Fernandez Zubitur, Asier"]
[Result "1/2-1/2"]
[WhiteElo "1849"]
[BlackElo "1607"]
[PlyCount "124"]
[EventDate "2015.03.28"]
[EventType "swiss"]
[EventRounds "9"]
[EventCountry "ESP"]
[SourceTitle "CBM 165 Extra"]
[Source "ChessBase"]
[SourceDate "2015.04.21"]
[SourceVersion "1"]
[SourceVersionDate "2015.04.21"]
[SourceQuality "1"]

1. e4 d6 2. d4 Nf6 3. Nc3 Nbd7 4. Nf3 e5 5. d5 Be7 6. h3 0-0 7. Be3 c6 8. Bc4 Nb6 9. Bb3 cxd5 10. Bxb6 Qxb6 11. Nxd5 Nxd5 12. Qxd5 Be6 13. Qd3 Qa5+ 14. Nd2 Bg5 15. Rd1 Bxb3 16. axb3 Rad8 17. 0-0 d5 18. Nf3 dxe4 19. Qxe4 Bf6 20. Qxb7 e4 21. Qxe4 Bxb2 22. Rxd8 Rxd8 23. Re1 h6 24. Qe2 Bc3 25. Rd1 Rxd1+ 26. Qxd1 Qf5 27. Nh2 a5 28. Qd8+ Kh7 29. Qd3 Qxd3 30. cxd3 Kg6 31. Kf1 Kf5 32. Ke2 Ke6 33. Kd1 Kd5 34. Kc2 Bd4 35. f3 Kc5 36. Nf1 Kb5 37. Nd2 a4 38. bxa4+ Kxa4 39. Nb3 Bf6 40. Nc5+ Kb5 41. Ne4 Be7 42. Kc3 Kc6 43. Kc4 f5 44. Ng3 g6 45. Ne2 Bg5 46. f4 Bf6 47. Nd4+ Kd6 48. Nb5+ Ke6 49. d4 Bh4 50. d5+ Kd7 51. Kd4 Bf6+ 52. Ke3 Bb2 53. g3 Bc1+ 54. Kd3 g5 55. Nd4 Kd6 56. fxg5 hxg5 57. Nxf5+ Kxd5 58. Ne3+ Ke5 59. h4 gxh4 60. gxh4 Bxe3 61. Kxe3 Kf6 62. Kf4 Kg7 1/2-1/2

[Event "NOR-ch U20 Girls"]
[Site "Sandnes"]
[Date "2015.02.13"]
[Round "2"]
[White "Kyrkjebo, Hannah Bakken"]
[Black "Rodsmoen, Maud"]
[Result "0-1"]
[WhiteElo "1747"]
[BlackElo "1872"]
[PlyCount "128"]
[EventDate "2015.02.13"]
[EventType "swiss"]
[EventRounds "6"]
[EventCountry "NOR"]
[SourceTitle "EXT 2017"]
[Source "ChessBase"]
[SourceDate "2016.10.25"]
[SourceVersion "1"]
[SourceVersionDate "2016.10.25"]
[SourceQuality "1"]

1. e4 c5 2. Nc3 Nc6 3. Bb5 Nd4 4. Bc4 d6 5. f4 Nf6 6. d3 Bg4 7. Nge2 Rb8 8. h3 Bxe2 9. Nxe2 Nxe2 10. Qxe2 b5 11. Bb3 e6 12. 0-0 Be7 13. e5 dxe5 14. fxe5 Qd4+ 15. Kh1 Nd7 16. c3 Qxe5 17. Qxe5 Nxe5 18. Bf4 Bd6 19. Rae1 f6 20. Bxe6 Ke7 21. Bg4 Kd8 22. d4 cxd4 23. cxd4 Nc4 24. Bxd6 Nxd6 25. Re6 Rb6 26. Rfe1 Re8 27. d5 Rxe6 28. Bxe6 Rb7 29. Rc1 Rc7 30. Rxc7 Kxc7 31. Kg1 Nc4 32. b3 Nb6 33. Bg8 h6 34. Bh7 Nxd5 35. Bd3 Kb6 36. Kf2 b4 37. Ke1 Nc3 38. Kd2 Nxa2 39. Ke3 Nc3 40. Kd4 a5 41. Kc4 Nd1 42. Kd4 Nc3 43. Kc4 Kc6 44. Kd4 Nb5+ 45. Kc4 Nc7 46. Be4+ Kb6 47. Bf5 Kc6 48. Be4+ Kd6 49. Bd3 g5 50. Be4 h5 51. g4 hxg4 52. hxg4 Ke5 53. Bf3 Ne6 54. Bd1 Nd4 55. Kc5 a4 56. Kxb4 axb3 57. Kc3 Ke4 58. Kb2 Kd3 59. Kc1 Kc3 60. Kb1 Kd2 61. Bxb3 Nxb3 62. Kb2 Nd4 63. Ka3 f5 64. gxf5 Nxf5 0-1